• 首页
  • 本馆介绍
  • 公告通知
  • 最新文献
  • 馆藏检索
  • 电子资源
  • 读者导购
  • 参考咨询
  • 我的图书馆
  • 登录
  • 详细信息显示
  • 放入我的书架
  • 预约/预借图书
  • 作者相关作品
  • 分类相关作品
  • 丛书相关作品
  • 出版社相关作品

书目信息

  • 表格格式
  • 工作单格式
  • 卡片格式
题名:
矿产地质勘查研究
    
 
作者: 毕颖出 , 程增晴 著
分册:  
出版信息: 延吉   延边大学出版社  2018
页数: 180页
开本: 24cm
丛书名:
单 册:
中图分类: P624
科图分类:
主题词: 矿产资源--kuang chan zi yuan--地质勘探--研究
电子资源:
ISBN: 978-7-5688-2983-0
000 00941nam0 2200265 45
001 012001002978
005 20140126113134.0
010    @a978-7-5688-2983-0@dCNY45.00
099    @aCAL 012019058011
100    @a20190227d2017 em y0chiy50 ea
101 0  @achi
102    @aCN@b220000
105    @aak a 000yy
106    @ar
200 1  @a矿产地质勘查研究@Akuang chan di zhi kan cha yan jiu@f毕颖出, 程增晴著
210    @a延吉@c延边大学出版社@d2018
215    @a180页@c图@d24cm
320    @a有书目
330    @a本书系统地介绍了成矿规律、勘查模型、成矿预测方法、勘查项目;从矿产勘查阶段和资源量/储量分类系统、勘查工程的总体部署、矿产取样、综合地质编录以及资源储量估算等方面全面归纳了矿产勘查的方法。
606 0  @a矿产资源@Akuang chan zi yuan@x地质勘探@x研究
690    @aP624@v5
701  0 @a毕颖出@Abi ying chu@4著
701  0 @a程增晴@Acheng zeng qing@4著
801  0 @aCN@b北京卓展@c20191020
905    @b1204962-3@dP624@e127@f2
    
    矿产地质勘查研究/毕颖出, 程增晴著.-延吉:延边大学出版社,2018
    180页:图;24cm
    
    
    ISBN 978-7-5688-2983-0:CNY45.00
    本书系统地介绍了成矿规律、勘查模型、成矿预测方法、勘查项目;从矿产勘查阶段和资源量/储量分类系统、勘查工程的总体部署、矿产取样、综合地质编录以及资源储量估算等方面全面归纳了矿产勘查的方法。
●
相关链接 在E读中查询图书 在五车中查询图书 在当当中查询图书 在豆瓣中查询图书


正题名:矿产地质勘查研究     索取号:P624/127         预约/预借

序号 登录号 条形码 馆藏地/架位号 状态 备注
1 1204962   212049629   第二样本阅览室/ [索取号:P624/127] 在馆    
2 1204963   212049638   第三借阅区/ [索取号:P624/127] 在馆    
唐山师范学院图书馆 欢迎您!
大连网信软件有限公司© 版权所有